Mao shi bu li : 6 juan /

Saved in:
Bibliographic Details
Main Author: Zhu, Lian, 1762-1838.
Format: Book
Language:Chinese
Published: [n.p. : Wu Yuhui bu kan, Guangxu 3 i.e. 1877]
Subjects:
Tags: Add Tag
No Tags, Be the first to tag this record!
LEADER 01050cam a2200289ui 4500
001 007736596-8
005 20024617112705.0
008 980314r18771839xx 000 0 chi d
035 0 |a ocm38605640 
040 |a *YNH*  |c *YNH*  |d CStRLIN 
100 1 |6 880-01  |a Zhu, Lian,  |d 1762-1838. 
245 1 0 |6 880-02  |a Mao shi bu li :  |b 6 juan /  |c Zhu Lian [zhu] 
260 |6 880-03  |a [n.p. :  |b Wu Yuhui bu kan,  |c Guangxu 3 i.e. 1877] 
300 |a 2 v. ;  |c 25 cm. 
500 |6 880-04  |a Originally published: [n.p. : Wu Meiping deng], Daoguang ji hai [1839] 
500 |a Block print. 
500 |6 880-05  |a Fu: mu ji, zhuan. 
500 |a Double leaves, oriental style, in case. 
630 0 0 |6 880-06  |a Shi jing. 
880 1 |6 100-01  |a 朱濂,  |d 1762-1838. 
880 1 0 |6 245-02  |a 毛詩補禮 :  |b 6卷 /  |c 朱濂[著] 
880 |6 260-03  |a [n.p. :  |b 吳玉輝補刊,  |c 光緖3 i.e. 1877] 
880 |6 500-04  |a Originally published: [n.p. : 吳梅坪等], 道光己亥[1839] 
880 |6 500-05  |a 附: 墓誌, 傳. 
880 0 0 |6 630-06  |a 詩經. 
988 |a 20021121 
906 |0 MH